[Event "Madrid ch final 2006"]
[Site "Madrid ESP"]
[Date "2006.03.09"]
[Round "6.2"]
[White "Franco Alonso, Alejandro"]
[Black "Moreno Ruiz, Javier"]
[Result "1/2-1/2"]
[WhiteElo "2421"]
[BlackElo "2485"]
[PlyCount "87"]
[EventDate "2006.03.02"]
[EventType "tourn"]
[EventRounds "11"]
[EventCountry "ESP"]
[EventCategory "3"]
[Source "lmi"]
[SourceDate "2006.03.18"]

1. d4 Nf6 2. c4 g6 3. Nc3 d5 4. cxd5 Nxd5 5. e4 Nxc3 6. bxc3 Bg7 7. Be3 c5 8.
Qd2 cxd4 9. cxd4 Nc6 10. Rd1 Bg4 11. Be2 Bxe2 12. Nxe2 Na5 13. Rc1 O-O 14. Qb4
b6 15. O-O e6 16. Qa4 Qh4 17. Nf4 Rfc8 18. g3 Qd8 19. d5 Rxc1 20. Rxc1 Rc8 21.
Rxc8 Qxc8 22. dxe6 fxe6 23. h4 Kf7 24. h5 Qc6 25. hxg6+ hxg6 26. Qd1 Nc4 27.
Qc2 Ne5 28. Qxc6 Nxc6 29. Nd3 Bd4 30. Bxd4 Nxd4 31. Kf1 Nb5 32. f3 g5 33. Ke1
Nc3 34. Kd2 Nxa2 35. Kc2 a5 36. Kb3 Nb4 37. Nxb4 axb4 38. f4 gxf4 39. gxf4 Kg6
40. Kxb4 Kh5 41. Kb5 Kg4 42. f5 exf5 43. exf5 Kxf5 44. Kxb6 1/2-1/2

[Event "Madrid ch final 2006"]
[Site "Madrid ESP"]
[Date "2006.03.09"]
[Round "6.3"]
[White "Elissalt Cardenas, Hector"]
[Black "Vallejo Diaz, Javier"]
[Result "1-0"]
[WhiteElo "2346"]
[BlackElo "2182"]
[PlyCount "83"]
[EventDate "2006.03.02"]
[EventType "tourn"]
[EventRounds "11"]
[EventCountry "ESP"]
[EventCategory "3"]
[Source "lmi"]
[SourceDate "2006.03.18"]

1. c4 e5 2. Nc3 Nc6 3. g3 g6 4. Bg2 Bg7 5. d3 f5 6. e3 Nf6 7. Nge2 d6 8. b3 O-O
9. Bb2 g5 10. h4 gxh4 11. Rxh4 Ne7 12. Qd2 Ng6 13. Rh1 c6 14. f3 d5 15. cxd5
cxd5 16. d4 e4 17. O-O-O Be6 18. Kb1 Qd7 19. Nf4 Nxf4 20. gxf4 exf3 21. Bxf3
Bf7 22. Rdg1 Bg6 23. Qg2 Rad8 24. Rh3 Rfe8 25. Bc1 Qc6 26. Bd2 b5 27. Rxh7 Nxh7
28. Nxd5 Qd7 29. Qxg6 Re6 30. Qxf5 Rd6 31. Qxd7 R8xd7 32. Nc3 Rb6 33. Ne4 Re7
34. Kc2 Nf6 35. Nxf6+ Rxf6 36. Kd3 Rh6 37. f5 Kh8 38. Bd5 Rh3 39. Be6 Rh2 40.
Bb4 Re8 41. Bd6 Bh6 42. Bxh2 1-0

[Event "Madrid ch final 2006"]
[Site "Madrid ESP"]
[Date "2006.03.09"]
[Round "6.4"]
[White "Vazquez, Renier"]
[Black "Gonzalez Somoza, Oliver"]
[Result "1-0"]
[WhiteElo "2513"]
[BlackElo "2218"]
[PlyCount "67"]
[EventDate "2006.03.02"]
[EventType "tourn"]
[EventRounds "11"]
[EventCountry "ESP"]
[EventCategory "3"]
[Source "lmi"]
[SourceDate "2006.03.18"]

1. Nf3 d5 2. d4 Bg4 3. c3 c6 4. h3 Bxf3 5. exf3 Nd7 6. f4 e6 7. Bd3 Bd6 8. g3
f5 9. O-O Qf6 10. Re1 h5 11. Qe2 Nf8 12. h4 Qg6 13. Be3 Nf6 14. Nd2 Ne4 15. Nf3
Qg4 16. Ne5 Qxe2 17. Rxe2 Nf6 18. c4 g6 19. c5 Bc7 20. b4 Ng4 21. Bd2 Nxe5 22.
fxe5 a6 23. a4 Kd7 24. Be3 Nh7 25. Rea2 Rhg8 26. Kg2 Ra7 27. b5 axb5 28. axb5
Rxa2 29. Rxa2 Rb8 30. Ra7 b6 31. Bd2 cxb5 32. cxb6 Rxb6 33. Ba5 Kc6 34. Bxb6
1-0

[Event "Madrid ch final 2006"]
[Site "Madrid ESP"]
[Date "2006.03.09"]
[Round "6.5"]
[White "Perez Gonzalez, Jose Manuel"]
[Black "Pastor Alonso, Alberto"]
[Result "1/2-1/2"]
[WhiteElo "2262"]
[BlackElo "2192"]
[PlyCount "84"]
[EventDate "2006.03.02"]
[EventType "tourn"]
[EventRounds "11"]
[EventCountry "ESP"]
[EventCategory "3"]
[Source "lmi"]
[SourceDate "2006.03.18"]

1. e4 e5 2. Nf3 Nc6 3. d4 exd4 4. Bc4 Be7 5. Nxd4 d6 6. Nc3 Nf6 7. h3 O-O 8.
O-O Nxd4 9. Qxd4 c6 10. a4 Ne8 11. Bf4 Be6 12. Rad1 Qa5 13. Bxe6 fxe6 14. Bd2
Qh5 15. Qd3 d5 16. Rde1 Bc5 17. Ne2 Qf7 18. Be3 Bxe3 19. Qxe3 Nd6 20. Ng3 Qf4
21. b3 Qxe3 22. Rxe3 d4 23. Rd3 e5 24. c4 c5 25. f3 Rf6 26. Ne2 Raf8 27. Rdd1
Nc8 28. Nc1 Rb6 29. Rf2 Ne7 30. Rb2 Ng6 31. Nd3 Rc6 32. Rf1 Kf7 33. b4 cxb4 34.
Rxb4 b6 35. a5 bxa5 36. Rb7+ Kf6 37. Rxa7 Rf7 38. Rxa5 Rxc4 39. f4 exf4 40.
Nxf4 Nxf4 41. Rxf4+ Kg6 42. Rg4+ Kh6 1/2-1/2

[Event "Madrid ch final 2006"]
[Site "Madrid ESP"]
[Date "2006.03.09"]
[Round "6.6"]
[White "Almagro Llanas, Pablo"]
[Black "Perez Marco, Ricardo"]
[Result "1-0"]
[WhiteElo "2340"]
[BlackElo "2217"]
[PlyCount "97"]
[EventDate "2006.03.02"]
[EventType "tourn"]
[EventRounds "11"]
[EventCountry "ESP"]
[EventCategory "3"]
[Source "lmi"]
[SourceDate "2006.03.18"]

1. e4 c5 2. Nf3 e6 3. d4 cxd4 4. Nxd4 Nf6 5. Nc3 d6 6. Be3 Nc6 7. Be2 Be7 8.
O-O O-O 9. f4 Qc7 10. a4 Nxd4 11. Qxd4 e5 12. Qd2 exf4 13. Rxf4 Be6 14. Raf1
Nd7 15. Nd5 Bxd5 16. Qxd5 Ne5 17. R4f2 Qc6 18. Rd1 Rac8 19. c3 a6 20. Qxc6 Rxc6
21. Bd4 Bf6 22. b4 Ra8 23. Rff1 Kf8 24. b5 axb5 25. axb5 Rcc8 26. Ra1 Ke7 27.
b6 Rxa1 28. Rxa1 Nc6 29. Bxf6+ Kxf6 30. Bc4 Ne5 31. Bd5 Rxc3 32. Rb1 Rc6 33.
Bxc6 Nxc6 34. Rc1 Na5 35. Rc7 Ke6 36. Kf2 g6 37. Ke3 h6 38. h4 f6 39. Kd3 Nb3
40. Kc4 Nc5 41. Rg7 g5 42. Rh7 h5 43. Rxh5 Nxe4 44. Rh7 Nc5 45. g3 Nd7 46. Kb5
f5 47. Rg7 f4 48. Rxg5 f3 49. Rg4 1-0

[Event "Madrid ch final 2006"]
[Site "Madrid ESP"]
[Date "2006.03.10"]
[Round "7.1"]
[White "Perez Marco, Ricardo"]
[Black "Alonso Fernandez, Marcos"]
[Result "0-1"]
[WhiteElo "2217"]
[BlackElo "2249"]
[PlyCount "60"]
[EventDate "2006.03.02"]
[EventType "tourn"]
[EventRounds "11"]
[EventCountry "ESP"]
[EventCategory "3"]
[Source "lmi"]
[SourceDate "2006.03.18"]

1. e4 c5 2. Nf3 e6 3. d4 cxd4 4. Nxd4 Nc6 5. Nc3 a6 6. Nxc6 bxc6 7. Bd3 d5 8.
O-O Nf6 9. Qe2 Be7 10. b3 Bb7 11. Bb2 O-O 12. Rad1 Qc7 13. e5 Nd7 14. f4 g6 15.
Na4 c5 16. f5 exf5 17. Bxf5 gxf5 18. Rxf5 d4 19. e6 Nf6 20. Rdf1 fxe6 21. Qxe6+
Kh8 22. Ba3 Bc8 23. Qe5 Bd6 24. Qxd6 Qxd6 25. Bxc5 Qc6 26. R5f2 Bb7 27. Bxd4
Rg8 28. Rf3 Rxg2+ 29. Kxg2 Rg8+ 30. Kh3 Bc8+ 0-1

[Event "Madrid ch final 2006"]
[Site "Madrid ESP"]
[Date "2006.03.10"]
[Round "7.2"]
[White "Pastor Alonso, Alberto"]
[Black "Almagro Llanas, Pablo"]
[Result "0-1"]
[WhiteElo "2192"]
[BlackElo "2340"]
[PlyCount "96"]
[EventDate "2006.03.02"]
[EventType "tourn"]
[EventRounds "11"]
[EventCountry "ESP"]
[EventCategory "3"]
[Source "lmi"]
[SourceDate "2006.03.18"]

1. e4 c6 2. d4 d5 3. exd5 cxd5 4. c4 Nf6 5. Nf3 Nc6 6. Nc3 Bg4 7. cxd5 Nxd5 8.
Qb3 Bxf3 9. gxf3 Nb6 10. d5 Nd4 11. Bb5+ Nd7 12. Qa4 Nxb5 13. Qxb5 g6 14. O-O
Bg7 15. Bf4 O-O 16. Rfe1 Nb6 17. Rad1 Re8 18. a4 Rc8 19. a5 Nc4 20. d6 exd6 21.
Ne4 a6 22. Qxb7 Qxa5 23. Kg2 Rb8 24. Nxd6 Nxd6 25. Rxe8+ Rxe8 26. Rxd6 Qf5 27.
Bg3 Qc8 28. Qb6 h5 29. b3 Re6 30. Rd8+ Kh7 31. Qa5 Qb7 32. Rb8 Qc6 33. Qc7 Qxc7
34. Bxc7 g5 35. Rb6 Rxb6 36. Bxb6 Kg6 37. Bd8 Kf5 38. h3 Bd4 39. Ba5 Ke6 40.
Kf1 Kd5 41. Bd8 Kc5 42. Be7+ Kb5 43. Ke2 Bc5 44. Bxg5 Kb4 45. Bd2+ Kxb3 46. Kd3
Bb4 47. Be3 a5 48. Bd4 a4 0-1

[Event "Madrid ch final 2006"]
[Site "Madrid ESP"]
[Date "2006.03.10"]
[Round "7.3"]
[White "Gonzalez Somoza, Oliver"]
[Black "Perez Gonzalez, Jose Manuel"]
[Result "1-0"]
[WhiteElo "2218"]
[BlackElo "2262"]
[PlyCount "97"]
[EventDate "2006.03.02"]
[EventType "tourn"]
[EventRounds "11"]
[EventCountry "ESP"]
[EventCategory "3"]
[Source "lmi"]
[SourceDate "2006.03.18"]

1. d4 Nf6 2. c4 c5 3. d5 b5 4. cxb5 a6 5. bxa6 Bxa6 6. b3 g6 7. Bb2 Bg7 8. d6
exd6 9. Qxd6 Ne4 10. Qf4 Bxb2 11. Qxe4+ Qe7 12. Qxa8 O-O 13. Nd2 Bxa1 14. Ngf3
Re8 15. e3 Bxf1 16. Kxf1 Nc6 17. Qa4 Nb4 18. g3 Bc3 19. Kg2 Bxd2 20. Nxd2 Qd6
21. Nf3 Qd5 22. a3 Nd3 23. Qc4 Qxc4 24. bxc4 Ra8 25. Ra1 Ra4 26. Nd2 Ne5 27. f4
Nxc4 28. Nxc4 Rxc4 29. a4 Re4 30. Kf3 d5 31. a5 Re7 32. a6 Ra7 33. e4 d4 34. e5
f5 35. exf6 Kf7 36. Ke4 Kxf6 37. Kd5 d3 38. Kxc5 d2 39. Kb6 Ra8 40. a7 Re8 41.
Rd1 Re6+ 42. Kb5 Re1 43. Rxd2 Rb1+ 44. Kc6 Ra1 45. Rd6+ Ke7 46. Rd7+ Ke6 47.
Rxh7 Rc1+ 48. Kb7 Rb1+ 49. Kc8 1-0

[Event "Madrid ch final 2006"]
[Site "Madrid ESP"]
[Date "2006.03.10"]
[Round "7.4"]
[White "Vallejo Diaz, Javier"]
[Black "Vazquez, Renier"]
[Result "0-1"]
[WhiteElo "2182"]
[BlackElo "2513"]
[PlyCount "86"]
[EventDate "2006.03.02"]
[EventType "tourn"]
[EventRounds "11"]
[EventCountry "ESP"]
[EventCategory "3"]
[Source "lmi"]
[SourceDate "2006.03.18"]

1. e4 c5 2. Nf3 e6 3. b3 d6 4. Bb2 Nf6 5. Bb5+ Nbd7 6. e5 dxe5 7. Nxe5 Be7 8.
O-O O-O 9. Bxd7 Nxd7 10. f4 f6 11. Nf3 Bd6 12. g3 b6 13. d3 Bb7 14. Nbd2 Qc7
15. Qe2 Rae8 16. Rae1 Qc6 17. Qe4 Qc8 18. Qe2 Bb8 19. Qf2 Qc6 20. h3 h6 21. h4
b5 22. Kh2 a6 23. Re2 Re7 24. Rfe1 Rfe8 25. Re3 e5 26. f5 Nb6 27. Ne4 c4 28.
Ba3 Rf7 29. R3e2 Bc8 30. g4 Nd5 31. Rd2 h5 32. gxh5 Bxf5 33. dxc4 bxc4 34. Qc5
Qxc5 35. Bxc5 Bg4 36. Kg3 Be6 37. Bd6 Nf4 38. Bxb8 Rxb8 39. Rd6 Nxh5+ 40. Kf2
Nf4 41. Rxa6 Rc7 42. Rd1 Bd5 43. Nfd2 c3 0-1

[Event "Madrid ch final 2006"]
[Site "Madrid ESP"]
[Date "2006.03.10"]
[Round "7.5"]
[White "Moreno Ruiz, Javier"]
[Black "Elissalt Cardenas, Hector"]
[Result "1-0"]
[WhiteElo "2485"]
[BlackElo "2346"]
[PlyCount "39"]
[EventDate "2006.03.02"]
[EventType "tourn"]
[EventRounds "11"]
[EventCountry "ESP"]
[EventCategory "3"]
[Source "lmi"]
[SourceDate "2006.03.18"]

1. d4 e6 2. c4 f5 3. g3 Nf6 4. Bg2 c6 5. Nf3 d5 6. O-O Bd6 7. Qc2 O-O 8. Nc3
Qe7 9. Rb1 b6 10. Bf4 Nbd7 11. Bxd6 Qxd6 12. cxd5 Nxd5 13. e4 Nb4 14. Qb3 Ba6
15. Rfd1 Bd3 16. e5 Qe7 17. Rbc1 Ba6 18. Ng5 Nd3 19. Nxe6 Nxc1 20. Rxc1 1-0

[Event "Madrid ch final 2006"]
[Site "Madrid ESP"]
[Date "2006.03.14"]
[Round "8.1"]
[White "Alonso Fernandez, Marcos"]
[Black "Franco Alonso, Alejandro"]
[Result "1/2-1/2"]
[WhiteElo "2249"]
[BlackElo "2421"]
[PlyCount "145"]
[EventDate "2006.03.02"]
[EventType "tourn"]
[EventRounds "11"]
[EventCountry "ESP"]
[EventCategory "3"]
[Source "lmi"]
[SourceDate "2006.03.18"]

1. d4 Nf6 2. Nf3 e6 3. Bg5 c5 4. e3 Be7 5. Nbd2 b6 6. c3 Bb7 7. Bd3 Nc6 8. O-O
cxd4 9. exd4 O-O 10. Qe2 Nd5 11. Bxe7 Ncxe7 12. g3 Ng6 13. Ba6 Bxa6 14. Qxa6 d6
15. Rfe1 Qd7 16. a4 Rfc8 17. h4 Nge7 18. Qb5 Qc6 19. Qd3 Nf6 20. Ne4 Ned5 21.
Nfg5 h6 22. Nxf6+ Nxf6 23. Ne4 Nxe4 24. Rxe4 Rc7 25. Kh2 Qd5 26. Rae1 Qc4 27.
Qxc4 Rxc4 28. d5 exd5 29. Rxc4 dxc4 30. Re7 Kf8 31. Rc7 d5 32. Kg2 a6 33. Rb7
b5 34. axb5 axb5 35. Kf3 Re8 36. Rxb5 Re5 37. Rb7 h5 38. Kf4 f6 39. f3 Kg8 40.
Rd7 Kh7 41. g4 Kg6 42. gxh5+ Kh6 43. Kg4 Kh7 44. f4 Re2 45. Rxd5 Rxb2 46. Rc5
Rg2+ 47. Kf3 Rh2 48. Kg3 Rh1 49. Rxc4 Rg1+ 50. Kf3 Kh6 51. Rc8 Kxh5 52. c4 Rf1+
53. Ke4 Kg4 54. c5 Rxf4+ 55. Kd5 Rf1 56. c6 Rc1 57. Rh8 f5 58. Kd6 Rd1+ 59. Ke7
Rc1 60. Kd7 Rd1+ 61. Ke6 Rc1 62. Kd7 Rd1+ 63. Kc8 f4 64. c7 f3 65. Kb7 Rb1+ 66.
Kc6 Rc1+ 67. Kd7 f2 68. Rf8 Rd1+ 69. Ke7 Rc1 70. Kd7 Rd1+ 71. Ke7 Rc1 72. Kd8
Rd1+ 73. Ke7 1/2-1/2

[Event "Madrid ch final 2006"]
[Site "Madrid ESP"]
[Date "2006.03.14"]
[Round "8.3"]
[White "Vazquez, Renier"]
[Black "Moreno Ruiz, Javier"]
[Result "1/2-1/2"]
[WhiteElo "2513"]
[BlackElo "2485"]
[PlyCount "66"]
[EventDate "2006.03.02"]
[EventType "tourn"]
[EventRounds "11"]
[EventCountry "ESP"]
[EventCategory "3"]
[Source "lmi"]
[SourceDate "2006.03.18"]

1. Nf3 Nf6 2. c4 g6 3. Nc3 Bg7 4. e4 d6 5. d4 O-O 6. Be2 e5 7. dxe5 dxe5 8.
Qxd8 Rxd8 9. Bg5 c6 10. Nxe5 Re8 11. O-O-O Na6 12. f4 h6 13. Bh4 g5 14. Bg3 Nc5
15. Bf3 g4 16. Bf2 gxf3 17. Bxc5 fxg2 18. Rhg1 Nh5 19. Be3 Bh3 20. Rd3 Rad8 21.
Rxd8 Rxd8 22. Nd1 Bxe5 23. fxe5 Kh7 24. Nf2 Be6 25. b3 Rg8 26. Kd2 f6 27. exf6
Nxf6 28. Bf4 b5 29. cxb5 cxb5 30. Ke3 Rc8 31. Kd2 Rg8 32. Ke3 Rc8 33. Kd2 Rg8
1/2-1/2

[Event "Madrid ch final 2006"]
[Site "Madrid ESP"]
[Date "2006.03.14"]
[Round "8.4"]
[White "Perez Gonzalez, Jose Manuel"]
[Black "Vallejo Diaz, Javier"]
[Result "0-1"]
[WhiteElo "2262"]
[BlackElo "2182"]
[PlyCount "70"]
[EventDate "2006.03.02"]
[EventType "tourn"]
[EventRounds "11"]
[EventCountry "ESP"]
[EventCategory "3"]
[Source "lmi"]
[SourceDate "2006.03.18"]

1. e4 d5 2. exd5 Qxd5 3. Nc3 Qa5 4. d4 c6 5. Nf3 Nf6 6. Bc4 Bg4 7. h3 Bxf3 8.
Qxf3 e6 9. Bd2 Qc7 10. O-O-O Nbd7 11. g4 Nb6 12. Bb3 a5 13. g5 Nfd5 14. Bxd5
cxd5 15. Rhe1 Be7 16. h4 Nc4 17. Kb1 Qb6 18. Na4 Qc6 19. Nc5 b6 20. Nd3 Rc8 21.
Bc1 a4 22. Re2 Qb5 23. Ka1 g6 24. h5 a3 25. b3 Qa5 26. Nf4 Nd6 27. Rd3 Nf5 28.
Qh3 Rf8 29. Ng2 Qb5 30. Qf3 Qb4 31. c3 Nxd4 32. Bf4 Rxc3 33. Rxc3 Nxf3 34. Rxf3
Qd4+ 35. Kb1 Qd1+ 0-1

[Event "Madrid ch final 2006"]
[Site "Madrid ESP"]
[Date "2006.03.14"]
[Round "8.5"]
[White "Almagro Llanas, Pablo"]
[Black "Gonzalez Somoza, Oliver"]
[Result "1-0"]
[WhiteElo "2340"]
[BlackElo "2218"]
[PlyCount "53"]
[EventDate "2006.03.02"]
[EventType "tourn"]
[EventRounds "11"]
[EventCountry "ESP"]
[EventCategory "3"]
[Source "lmi"]
[SourceDate "2006.03.18"]

1. e4 c5 2. Nf3 Nc6 3. Bb5 e6 4. Bxc6 bxc6 5. O-O d5 6. d3 g6 7. Be3 Ba6 8.
Nbd2 Nf6 9. Re1 Nd7 10. c4 d4 11. Bf4 Qf6 12. Bg5 Qg7 13. Qa4 Bb7 14. Nb3 f6
15. Bd2 Bd6 16. Na5 Nb6 17. Qa3 Rb8 18. Nxd4 Bxh2+ 19. Kxh2 cxd4 20. Qd6 Nd7
21. Nxb7 Rxb7 22. Qxe6+ Qe7 23. Qxc6 Rxb2 24. Rab1 Qe5+ 25. Kg1 Qb8 26. Qe6+
Kd8 27. Ba5+ 1-0

[Event "Madrid ch final 2006"]
[Site "Madrid ESP"]
[Date "2006.03.14"]
[Round "8.6"]
[White "Perez Marco, Ricardo"]
[Black "Pastor Alonso, Alberto"]
[Result "1/2-1/2"]
[WhiteElo "2217"]
[BlackElo "2192"]
[PlyCount "117"]
[EventDate "2006.03.02"]
[EventType "tourn"]
[EventRounds "11"]
[EventCountry "ESP"]
[EventCategory "3"]
[Source "lmi"]
[SourceDate "2006.03.18"]

1. e4 e5 2. Nf3 Nc6 3. Bb5 Nf6 4. Bxc6 dxc6 5. d3 Nd7 6. O-O Bd6 7. Nbd2 O-O 8.
Nc4 Re8 9. b3 c5 10. Bb2 Qf6 11. Kh1 Qh6 12. Qe2 f6 13. Bc1 Qh5 14. Ng1 Qg6 15.
Nf3 Qh5 16. Ng1 Qf7 17. Be3 Nf8 18. Rae1 b6 19. Qd1 Bb7 20. f3 Rad8 21. Qe2 Ne6
22. Qf2 Qg6 23. Ne2 Ba6 24. Ng3 Qf7 25. Nf5 Bf8 26. Bc1 g6 27. Ng3 Bg7 28. f4
exf4 29. Bxf4 Bxc4 30. bxc4 Qd7 31. Be3 Rf8 32. Qd2 Qa4 33. Ne2 Rd7 34. Nc3 Qa6
35. Bh6 c6 36. Bxg7 Kxg7 37. e5 f5 38. g4 fxg4 39. Rxf8 Nxf8 40. e6 Re7 41. Qg5
Qb7 42. Qe5+ Kg8 43. Qf6 Qc7 44. Re5 Qd6 45. Ne4 Rxe6 46. Rxe6 Qxe6 47. Qd8 Kg7
48. Qc7+ Kg8 49. Qd8 Qf5 50. Kg1 h6 51. Qe7 Nd7 52. Qxd7 Qxd7 53. Nf6+ Kf7 54.
Nxd7 Ke6 55. Nf8+ Kf6 56. Kf2 Kf7 57. Nd7 Ke6 58. Nf8+ Kf7 59. Nd7 1/2-1/2

[Event "Madrid ch final 2006"]
[Site "Madrid ESP"]
[Date "2006.03.15"]
[Round "9.1"]
[White "Pastor Alonso, Alberto"]
[Black "Alonso Fernandez, Marcos"]
[Result "0-1"]
[WhiteElo "2192"]
[BlackElo "2249"]
[PlyCount "34"]
[EventDate "2006.03.02"]
[EventType "tourn"]
[EventRounds "11"]
[EventCountry "ESP"]
[EventCategory "3"]
[Source "lmi"]
[SourceDate "2006.03.18"]

1. e4 c5 2. Nf3 e6 3. c3 Nf6 4. Bd3 d5 5. e5 Nfd7 6. O-O Nc6 7. Re1 g5 8. h3 h5
9. g4 hxg4 10. hxg4 c4 11. Bc2 Qc7 12. d4 cxd3 13. Ba4 Nc5 14. Bxc6+ bxc6 15.
b4 Ne4 16. Qxd3 f5 17. Nxg5 Rh1+ 0-1

[Event "Madrid ch final 2006"]
[Site "Madrid ESP"]
[Date "2006.03.15"]
[Round "9.2"]
[White "Gonzalez Somoza, Oliver"]
[Black "Perez Marco, Ricardo"]
[Result "1-0"]
[WhiteElo "2217"]
[BlackElo "2217"]
[PlyCount "119"]
[EventDate "2006.03.02"]
[EventType "tourn"]
[EventRounds "11"]
[EventCountry "ESP"]
[EventCategory "3"]
[Source "lmi"]
[SourceDate "2006.03.18"]

1. d4 Nf6 2. c4 c5 3. d5 b5 4. cxb5 a6 5. bxa6 Bxa6 6. g3 g6 7. b3 Bg7 8. Bb2
d6 9. Bg2 O-O 10. Nh3 Nbd7 11. O-O Ra7 12. Qc2 Qa8 13. Rd1 Rb8 14. Na3 Bc8 15.
Nc4 Rxa2 16. b4 Ra6 17. Na5 Bb7 18. Nc6 Re8 19. b5 Rxa1 20. Rxa1 Qc8 21. Nf4 g5
22. Nh3 h6 23. f4 g4 24. Nf2 e6 25. dxe6 Rxe6 26. Qf5 Rxe2 27. Bxf6 Bxf6 28.
Qxg4+ Kh8 29. Qxe2 Bxa1 30. Bh3 Bd4 31. Qe7 Bxc6 32. bxc6 Qxc6 33. Bxd7 Qd5 34.
Kf1 Kg7 35. Qe4 Qc4+ 36. Qe2 Qd5 37. Bb5 Qb7 38. Ne4 Kf8 39. f5 d5 40. Nd6 Qb8
41. Qe8+ Qxe8 42. Nxe8 Be5 43. f6 c4 44. Ng7 Bxf6 45. Nf5 Bg5 46. Ke2 h5 47.
Bc6 d4 48. Nxd4 Ke7 49. Nf3 Bf6 50. Bd5 c3 51. Kd3 h4 52. g4 h3 53. Bb3 Bg7 54.
Ke4 Kf6 55. Kf4 Kg6 56. Bc2+ Kh6 57. g5+ Kh5 58. Kf5 Bf8 59. Bb3 Bd6 60. Bxf7#
1-0

[Event "Madrid ch final 2006"]
[Site "Madrid ESP"]
[Date "2006.03.15"]
[Round "9.3"]
[White "Vallejo Diaz, Javier"]
[Black "Almagro Llanas, Pablo"]
[Result "1/2-1/2"]
[WhiteElo "2182"]
[BlackElo "2340"]
[PlyCount "80"]
[EventDate "2006.03.02"]
[EventType "tourn"]
[EventRounds "11"]
[EventCountry "ESP"]
[EventCategory "3"]
[Source "lmi"]
[SourceDate "2006.03.18"]

1. e4 c6 2. d4 d5 3. Nd2 dxe4 4. Nxe4 Bf5 5. Ng3 Bg6 6. N1e2 Nf6 7. h4 h6 8.
Nf4 Bh7 9. c3 e6 10. Be3 Nbd7 11. Bd3 Bxd3 12. Qxd3 Qc7 13. O-O-O O-O-O 14. Ne4
Nd5 15. Nxd5 cxd5 16. Nd2 Nb6 17. Kb1 Nc4 18. g3 h5 19. Bf4 Bd6 20. Nxc4 dxc4
21. Qe3 Bxf4 22. gxf4 Rd5 23. Rhg1 g6 24. Rg5 Rhd8 25. Re5 Qc6 26. Rg1 b5 27.
f3 Rxe5 28. Qxe5 Rd5 29. Qe4 Kc7 30. Rg5 a5 31. a3 Kb6 32. Rxd5 Qxd5 33. Kc2
Qf5 34. Kc1 Qd5 35. Kc2 Kc6 36. Kd2 Kb6 37. Ke3 Qd8 38. Qe5 Qxh4 39. Qc5+ Ka6
40. Qc6+ Ka7 1/2-1/2

[Event "Madrid ch final 2006"]
[Site "Madrid ESP"]
[Date "2006.03.15"]
[Round "9.4"]
[White "Moreno Ruiz, Javier"]
[Black "Perez Gonzalez, Jose Manuel"]
[Result "1/2-1/2"]
[WhiteElo "2485"]
[BlackElo "2262"]
[PlyCount "167"]
[EventDate "2006.03.02"]
[EventType "tourn"]
[EventRounds "11"]
[EventCountry "ESP"]
[EventCategory "3"]
[Source "lmi"]
[SourceDate "2006.03.18"]

1. d4 Nf6 2. c4 c5 3. d5 b5 4. cxb5 a6 5. bxa6 Bxa6 6. Nc3 g6 7. g3 d6 8. Bg2
Bg7 9. Nf3 Nbd7 10. Rb1 Qa5 11. Bd2 O-O 12. O-O Rfb8 13. Qc2 Ne8 14. a4 c4 15.
Nb5 Qb6 16. Be3 Nc5 17. Qxc4 Bxb5 18. axb5 Qxb5 19. Qxb5 Rxb5 20. Nd4 Bxd4 21.
Bxd4 Nb3 22. Bc3 Nc7 23. Rbd1 Rb7 24. f4 Nb5 25. Be1 Ra2 26. Rb1 N3d4 27. Rf2
Nc2 28. Bd2 Nba3 29. Rc1 Raxb2 30. Be4 f5 31. Bd3 Nb4 32. Rc8+ Kf7 33. Bxb4
R2xb4 34. g4 fxg4 35. f5 g5 36. f6 Rf4 37. fxe7 Kxe7 38. Rg8 Kf6 39. Rf8+ Ke5
40. R2xf4 gxf4 41. Rf5+ Kd4 42. Rxf4+ Kxd5 43. Rxg4 Kc5 44. Rh4 Nb5 45. Bxh7
Nd4 46. Bd3 Rg7+ 47. Kf2 Nc6 48. Rf4 Ne5 49. Bf5 d5 50. h4 Ng6 51. Bxg6 Rxg6
52. h5 Rh6 53. Rh4 Kd6 54. Kf3 Ke5 55. Kg4 Kf6 56. Kf4 Kf7 57. Ke3 Re6+ 58. Kd3
Kg7 59. h6+ Kh7 60. e3 Ra6 61. Rh5 Ra4 62. Rh2 Re4 63. Rh3 Ra4 64. Rh5 Rb4 65.
Rxd5 Kxh6 66. Rf5 Kg6 67. e4 Ra4 68. Ke3 Ra3+ 69. Kf4 Ra7 70. Rg5+ Kf7 71. Rh5
Ra6 72. Rh7+ Ke8 73. Kf5 Rb6 74. e5 Ra6 75. Rb7 Rc6 76. Ke4 Rh6 77. Kd5 Ra6 78.
Rh7 Rg6 79. Rh4 Ke7 80. Ra4 Rh6 81. Ra7+ Ke8 82. Rb7 Rg6 83. e6 Rg1 84. Kd6
1/2-1/2

[Event "Madrid ch final 2006"]
[Site "Madrid ESP"]
[Date "2006.03.15"]
[Round "9.6"]
[White "Franco Alonso, Alejandro"]
[Black "Elissalt Cardenas, Hector"]
[Result "1/2-1/2"]
[WhiteElo "2421"]
[BlackElo "2346"]
[PlyCount "114"]
[EventDate "2006.03.02"]
[EventType "tourn"]
[EventRounds "11"]
[EventCountry "ESP"]
[EventCategory "3"]
[Source "lmi"]
[SourceDate "2006.03.18"]

1. d4 f5 2. g3 Nf6 3. Bg2 e6 4. c4 c6 5. Nd2 d5 6. Nh3 Be7 7. O-O O-O 8. Qc2
Na6 9. Nf4 Bd7 10. Nf3 Ne4 11. Ne5 Nb4 12. Qb3 g5 13. Nfd3 Nxd3 14. Qxd3 Be8
15. b3 Nd6 16. Ba3 Nf7 17. Bxe7 Qxe7 18. Qe3 Qf6 19. f4 g4 20. Rfc1 Nxe5 21.
dxe5 Qe7 22. cxd5 exd5 23. Rc2 Bd7 24. Qd4 a5 25. e3 Be6 26. Kf2 h5 27. h3 h4
28. Rh1 hxg3+ 29. Kxg3 gxh3 30. Rxh3 Kg7 31. Bf3 Rh8 32. Rch2 Rxh3+ 33. Rxh3
Qb4 34. Qd1 Rh8 35. Rxh8 Kxh8 36. Kf2 Qe7 37. Qh1+ Kg7 38. Qg2+ Kh6 39. Qh3+
Kg7 40. Be2 c5 41. Bd3 Qd7 42. Qg3+ Kf8 43. Qh4 Kg8 44. Qg5+ Kf8 45. Qf6+ Kg8
46. Bb5 Qc8 47. Qg6+ Kf8 48. Qf6+ Kg8 49. Qg5+ Kh7 50. Qe7+ Kg8 51. Kg3 c4 52.
bxc4 dxc4 53. Kh4 c3 54. Qg5+ Kh7 55. Qe7+ Kg8 56. Qg5+ Kh7 57. Qe7+ Kg8
1/2-1/2

[Event "Madrid ch final 2006"]
[Site "Madrid ESP"]
[Date "2006.03.16"]
[Round "10.1"]
[White "Alonso Fernandez, Marcos"]
[Black "Elissalt Cardenas, Hector"]
[Result "1-0"]
[WhiteElo "2249"]
[BlackElo "2346"]
[PlyCount "81"]
[EventDate "2006.03.02"]
[EventType "tourn"]
[EventRounds "11"]
[EventCountry "ESP"]
[EventCategory "3"]
[Source "lmi"]
[SourceDate "2006.03.18"]

1. d4 f5 2. g3 Nf6 3. Bg2 e6 4. c4 c6 5. Qc2 d5 6. Nh3 Bd6 7. O-O O-O 8. Bf4
Be7 9. Nd2 h6 10. Bxb8 Rxb8 11. Nf4 Bd6 12. Nd3 Bd7 13. Nf3 Be8 14. Nfe5 Ng4
15. Nxg4 fxg4 16. e4 dxe4 17. Bxe4 Qf6 18. Rad1 Rd8 19. c5 Bb8 20. Ne5 Qg5 21.
Qe2 h5 22. Bc2 Bxe5 23. Qxe5 Qxe5 24. dxe5 Rd5 25. Rfe1 Rxc5 26. Bb3 Bf7 27.
Rd7 b5 28. Rxa7 Rd8 29. h3 gxh3 30. Re3 Rf8 31. Kh2 Re8 32. Kxh3 Bg6 33. Kh4
Kh7 34. Re1 Kh6 35. g4 hxg4 36. Kxg4 Bf5+ 37. Kf3 g5 38. Rh1+ Kg6 39. Rah7 Bd3
40. Ke3 Bc4 41. Bc2+ 1-0

[Event "Madrid ch final 2006"]
[Site "Madrid ESP"]
[Date "2006.03.16"]
[Round "10.2"]
[White "Vazquez, Renier"]
[Black "Franco Alonso, Alejandro"]
[Result "1-0"]
[WhiteElo "2513"]
[BlackElo "2421"]
[PlyCount "73"]
[EventDate "2006.03.02"]
[EventType "tourn"]
[EventRounds "11"]
[EventCountry "ESP"]
[EventCategory "3"]
[Source "lmi"]
[SourceDate "2006.03.18"]

1. d4 Nf6 2. Nf3 e6 3. g3 d5 4. Bg2 Be7 5. c4 dxc4 6. O-O O-O 7. Qc2 a6 8. a4
Bd7 9. Nbd2 Bc6 10. Nxc4 Be4 11. Qb3 Nc6 12. Be3 Nd5 13. Rfd1 Ncb4 14. Rac1 a5
15. Bd2 Qe8 16. Na3 c6 17. Nb1 Nb6 18. Nc3 Bd5 19. Nxd5 cxd5 20. Ra1 Nc4 21.
Bc3 b5 22. Rdc1 Rb8 23. Bf1 Na6 24. e3 Nc7 25. axb5 Nxb5 26. Bxc4 Nd6 27. Qd1
Nxc4 28. b3 Nd6 29. Bxa5 Qb5 30. Ne5 Qxb3 31. Nd7 Qb5 32. Nxb8 Qxb8 33. Bc7 Qb5
34. Rab1 Qd7 35. Bxd6 Bxd6 36. Qc2 Qe7 37. Qc6 1-0